01250nam a2200313Ia 450000500170000000800410001702000190005810000320007724501190010925000390022830000620026749000510032950000320038052100560041265000510046865000550051965000400057465000430061470000260065770000400068394200150072326400490073833600270078733700330081433800280084704000350087508400110091099900150092120220317000952.0160825s2007 mx a g 000 0 spa  a978968164470121 aMcDonnell, Christined1969-14aLos amigos primerocChristine McDonnell ; ilustraciones Vicent Marco ; introducción Coral Bracho y Marcelo Uribe a1a. edición b6a. reimpresión  a208 páginas bilustraciones en blanco y negro c19 cm  aA la orilla del vientoppara los que leen bien aIncluye datos biográficos aRecomendado para jóvenes de 13 años en adelante142LEMBaNovela juvenil estadounidense ySiglo XX142LEMBaLiteratura juvenil estadounidense ySiglo XX142LEMBaAdolescentes en la literatura142LEMBaResponsabilidad en la literatura1 aMarco, Vicent 9638311 aBracho, Coral Uribe, Marcelo963832 2loccBKLIT aMéxicobFondo de Cultura Económicac2007 atextobtxt2rdacontent asin mediaciónbn2rdamedia avolumenbnc2rdacarrier aCO-BoRNBPbspaerdacCO-BoRNBP aN MCD2 c5549d5549